Louisiana Tech Football: Top 10 All-Time Leaders - Statistics

General Stats
  • This quiz has been taken 3 times
  • The average score is 25 of 59
Answer Stats
Category # Player Amount % Correct
Passing Yards 6 Terry Bradshaw 6,589
100%
Passing Yards 2 Tim Rattay 12,746
100%
Interceptions T5 Amik Robertson 14
67%
Passing Yards 9 Gene Johnson 6,059
67%
Passing Yards 3 Ja'Mar Smith 9,523
67%
Sacks 1 Jaylon Ferguson 45.0
67%
Rushing Yards 5 John Henry White 2,944
67%
Rushing Yards 1 Kenneth Dixon 4,480
67%
Rushing Yards 7 Patrick Jackson 2,824
67%
Receiving Yards 10 Quinton Patton 2,594
67%
Receiving Yards 2 Trent Taylor 4,179
67%
Receiving Yards 1 Troy Edwards 4,352
67%
Sacks 2 Walter Johnson 38.0
67%
Interceptions 7 Willie Smith 13
67%
Tackles 9 Antonio Baker 352
33%
Tackles 5 Bobby Gray 393
33%
Receiving Yards 7 Carlos Henderson 2,878
33%
Receiving Yards 3 Chad Mackey 3,763
33%
Rushing Yards 8 Charles McDaniel 2,754
33%
Sacks 6 Christian Lacey 14.5
33%
Passing Yards 8 Colby Cameron 6,417
33%
Sacks T8 Courtney Wallace 13.5
33%
Rushing Yards 2 Daniel Porter 3,352
33%
Receiving Yards 4 Delwyn Daigre 3,056
33%
Interceptions T8 Demise Loyd 11
33%
Rushing Yards 10 Derrick Douglas 2,434
33%
Tackles 2 Doug Landry 509
33%
Interceptions 1 Doyle Adams 16
33%
Tackles 4 Eldonta Osborne 395
33%
Tackles 6 Fred Dean 392
33%
Rushing Yards 9 Garlon Powell 2,578
33%
Tackles 1 Glenell Sanders 548
33%
Sacks 4 IK Enemkpali 17.5
33%
Rushing Yards 3 Jason Cooper 3,342
33%
Rushing Yards 6 Jason Davis 2,888
33%
Passing Yards 4 Jason Martin 9,062
33%
Tackles 3 Joe McNeely 400
33%
Interceptions T2 John Causey 15
33%
Interceptions T8 John Noel 11
33%
Tackles 10 Johnny Robinson 340
33%
Sacks 5 Johnny Robinson 16.0
33%
Receiving Yards 9 John Simon 2,596
33%
Tackles 8 Lance Reed 357
33%
Interceptions T2 Larry Griffin 15
33%
Sacks 10 Lorenza Baker 13.0
33%
Passing Yards 1 Luke McCown 12,994
33%
Sacks 3 Matt Broha 22.0
33%
Passing Yards 5 Matt Dunigan 7,042
33%
Sacks 7 Mike Wood 14.0
33%
Tackles 7 Myron Baker 379
33%
Receiving Yards 8 Roger Carr 2,717
33%
Passing Yards 10 Ross Jenkins 5,036
33%
Passing Yards 7 Ryan Higgins 6,539
33%
Rushing Yards 4 Ryan Moats 3,112
33%
Receiving Yards 6 Smoke Harris 2,908
33%
Receiving Yards 5 Tommy Spinks 2,963
33%
Sacks T8 Vontarrius Dora 13.5
33%
Interceptions T2 Wenford Wilborn 15
33%
Interceptions T5 Xavier Woods 14
33%
No matching quizzes found
Score Distribution
Percent of People with Each Score
Percentile by Number Answered
Your Score History
You have not taken this quiz